000 00278nam a2200109Ia 4500
008 200302s9999 xx 000 0 und d
100 _aG. D. kunders
245 _aDesigning for Total Quality in Health Care
260 _bPrism Books Pvt. Ltd.
260 _c2002
300 _a470 P.,
999 _c1230
_d1230